000 00613nam a2200205Ia 4500
001 5561
003 GE_BSU
008 181216s||||||||xx |||||||||||||| ||und||
040 _cGE_BSU
080 _a510.6
100 _aКлини С.К.
245 _aМатематическая логика. Mathematical logic.
245 _cПод. ред. Г.Е. Минца. Пер с английского Ю.А. Гастева.
260 _aМосква
260 _bМир
260 _c1973
300 _a478 с. 22 см.
653 _aМатематическая логика. Mathematical logic.
942 _cBK
999 _c39041
_d39041